"Бакинский спутник"... ... 1914 (Запись № 5609610)

Подробности
000 -МАРКЕР
контрольное поле 02422nam2a22003371 4500
001 - ИДЕНТИФИКАТОР ЗАПИСИ
контрольное поле v19\rc\1827732
005 - ИДЕНТИФИКАТОР ВЕРСИИ
контрольное поле 20251113190535.3
035 ## - ДРУГИЕ СИСТЕМНЫЕ НОМЕРА
Идентификатор записи (NLR Aleph) 004924112
100 ## - ДАННЫЕ ОБЩЕЙ ОБРАБОТКИ
Данные общей обработки 20071224d1914 u y0rusy50 ca
101 0# - ЯЗЫК РЕСУРСА
Язык текста, звукозаписи и т.д. русский
102 ## - СТРАНА ПУБЛИКАЦИИ ИЛИ ПРОИЗВОДСТВА
Страна публикации Российская Федерация
105 ## - ПОЛЕ КОДИРОВАННЫХ ДАННЫХ: ТЕКСТОВЫЕ МАТЕРИАЛЫ, МОНОГРАФИЧЕСКИЕ
Кодированные данные о монографическом текстовом документе a z |||||
200 0# - ЗАГЛАВИЕ И СВЕДЕНИЯ ОБ ОТВЕТСТВЕННОСТИ
Основное заглавие ... 1914
Сведения, относящиеся к заглавию 7-й год изд.
210 ## - ПУБЛИКАЦИЯ, РАСПРОСТРАНЕНИЕ И ДР.
Место издания, распространения и т.д. Баку
Имя издателя, распространителя и т. д. тип. А.Н. Тараева и И.О. Степанянца
Дата издания, распространения и т.д. 1914
215 ## - ФИЗИЧЕСКАЯ ХАРАКТЕРИСТИКА
Специфическое обозначение материала и объем XVI, 1070 с., 1 л. черт.
Другие сведения о физической характеристике ил.
327 0# - ПРИМЕЧАНИЯ О СОДЕРЖАНИИ
Текст примечания В прил.: Кавказ - население, его происхождение, язык, религия, домашний и общественный быт. "Саломэ": (Из кавказских преданий). Кавказские пути сообщения и каспийское судоходство. Нефтепромышленность и нефтяной рынок в 1913 году. Кавказские минеральные воды
461 #0 - УРОВЕНЬ НАБОРА
Встроенное поле 001v19\rc\1827726
-- 2001#$a"Бакинский спутник"...$fИзд. А.Я. Пинес$v... 1914
Системный номер (АБИС) связанной записи 5609552
Место публикации Баку
Дата публикации 1908-1914
Первые сведения об ответственности Изд. А.Я. Пинес
Имя издателя, распространителя и т.д. тип. Шнейдерова
Заглавие "Бакинский спутник"...
Номер тома ... 1914
464 #0 - АНАЛИТИЧЕСКИЙ УРОВЕНЬ
Встроенное поле 2001#$aКавказ - население, его происхождение, язык, религия, домашний и общественный быт
Заглавие Кавказ - население, его происхождение, язык, религия, домашний и общественный быт
464 #0 - АНАЛИТИЧЕСКИЙ УРОВЕНЬ
Встроенное поле 2001#$aСаломэ$eИз кавказских преданий
Заглавие Саломэ
464 #0 - АНАЛИТИЧЕСКИЙ УРОВЕНЬ
Встроенное поле 2001#$aКавказские пути сообщения и каспийское судоходство
Заглавие Кавказские пути сообщения и каспийское судоходство
464 #0 - АНАЛИТИЧЕСКИЙ УРОВЕНЬ
Встроенное поле 2001#$aНефтепромышленность и нефтяной рынок в 1913 году
Заглавие Нефтепромышленность и нефтяной рынок в 1913 году
464 #0 - АНАЛИТИЧЕСКИЙ УРОВЕНЬ
Встроенное поле 2001#$aКавказские минеральные воды
Заглавие Кавказские минеральные воды
801 #0 - ИСТОЧНИК ЗАПИСИ
Страна Российская Федерация
Организация NLR
Правила каталогизации psbo
801 #0 - ИСТОЧНИК ЗАПИСИ
Страна Российская Федерация
Организация RuMoRGB
Источник данных psbo
801 #1 - ИСТОЧНИК ЗАПИСИ
Страна Российская Федерация
Организация ProSoft-M
Источник данных rusmarc
852 ## - МЕСТОНАХОЖДЕНИЕ И ШИФР ХРАНЕНИЯ
Идентификатор организации NLR
Шифр хранения (Call Number) 38.1.8.20
899 ## - ДАННЫЕ О МЕСТОНАХОЖДЕНИИ (устаревшее)
Местонахождение RuMoRGB
Шифр хранения U 63/227
Публикуемое примечание (1908-1914*)
899 ## - ДАННЫЕ О МЕСТОНАХОЖДЕНИИ (устаревшее)
Местонахождение БАН
Публикуемое примечание (1908-1914*)
942 ## - ДОПОЛНИТЕЛЬНЫЕ ЭЛЕМЕНТЫ ЗАПИСИ (АБИС)
Тип экземпляра АБИС Книга
980 ## - КОЛЛЕКЦИЯ
Название коллекции Национальная библиография
Экземпляры
Тип экземпляра Дата поступления Библиотека постоянного хранения Библиотека текущего хранения Место хранения Шифр хранения Штрих-код Статус экземпляра
Книга 26.10.2013 РНБ (Московский) РНБ (Московский) Неопределен, для заказа не доступен, в ЭК виден   4924112-30  
Книга 26.10.2013 РНБ (Садовая) РНБ (Садовая) Русский книжный фонд -Главное здание, Ленинский читальный зал 38.1.8.20 4924112-10